PROBLEMI DI GRAMMATICA ITALIANA. (Record n. 284540)
[ formato base ]
| 000 -LEADER | |
|---|---|
| fixed length control field | 01195nam a2200229Ia 4500 |
| 001 - CONTROL NUMBER | |
| control field | L450-25427 |
| 003 - CONTROL NUMBER IDENTIFIER | |
| control field | IT-CnALBA |
| 008 - FIXED-LENGTH DATA ELEMENTS--GENERAL INFORMATION | |
| fixed length control field | 170116s9999||||xx |||||||||||||| ||und|| |
| 040 ## - CATALOGING SOURCE | |
| Original cataloging agency | IT-CnALBA |
| Transcribing agency | IT-CnALBA |
| 041 ## - LANGUAGE CODE | |
| Language code of text/sound track or separate title | ITALIANO |
| 999 ## - SYSTEM CONTROL NUMBERS (KOHA) | |
| Koha Dewey Subclass [OBSOLETE] | NO |
| 100 ## - MAIN ENTRY--PERSONAL NAME | |
| Personal name | PERUZZI EMILIO |
| 245 #0 - TITLE STATEMENT | |
| Title | PROBLEMI DI GRAMMATICA ITALIANA. |
| 250 ## - EDITION STATEMENT | |
| Edition statement | 1a ed. |
| 260 ## - PUBLICATION, DISTRIBUTION, ETC. (IMPRINT) | |
| Place of publication, distribution, etc. | TO |
| Name of publisher, distributor, etc. | ERI EDIZ. RAI RADIOTELEV. ITALIANA |
| Date of publication, distribution, etc. | 1963 [1° Ed.:1963 - Ed.Ling.Originale: 1963] |
| 300 ## - PHYSICAL DESCRIPTION | |
| Extent | 159 p. |
| 500 ## - GENERAL NOTE | |
| General note | INVITO ALLA GRAMMATICA. ARTICOLO. FLESSIONE DEI NOMI. PLURALI IN A. PRONOMI PERSONALI. PRONOMI DI CORTESIA. FLESSIONE DEL VERBO. VERBI AUSILIARI. TEMPI DEL VERBO. CONGIUNTIVO. ESERCIZI DI LETTURE. SU PIRANDELLO. D'ANNUNZIO, SVEVO, PAPINI, LANDOLFI, DEVOTO |
| 501 ## - WITH NOTE | |
| With note | Società San Paolo EM - Piazza San Paolo, 14 - 12051 ALBA (CN) (non commercial uses only) ® Copyright 2017 |
| 520 ## - SUMMARY, ETC. | |
| Summary, etc. | INVITO ALLA GRAMMATICA. ARTICOLO. FLESSIONE DEI NOMI. PLURALI IN A. PRONOMI PERSONALI. PRONOMI DI CORTESIA. FLESSIONE DEL VERBO. VERBI AUSILIARI. TEMPI DEL VERBO. CONGIUNTIVO. ESERCIZI DI LETTURE. SU PIRANDELLO. D'ANNUNZIO, SVEVO, PAPINI, LANDOLFI, DEVOTO |
| 650 ## - SUBJECT ADDED ENTRY--TOPICAL TERM | |
| Topical term or geographic name as entry element | LINGUA ITALIANA |
| 942 ## - ADDED ENTRY ELEMENTS (KOHA) | |
| Koha item type | LIBRO |
| 957 ## - | |
| -- | 1 |
| 999 ## - SYSTEM CONTROL NUMBERS (KOHA) | |
| -- | Copie: 1 |
| Withdrawn status | Lost status | Damaged status | Not for loan | Home library | Current library | Date acquired | Total Checkouts | Full call number | Date last seen | Price effective from | Koha item type | Public note |
|---|---|---|---|---|---|---|---|---|---|---|---|---|
| Buone Condizioni | Not For Loan | ALBA - Biblioteca | ALBA - Biblioteca | 16/01/2017 | L450-25427 | 16/01/2017 | 16/01/2017 | LIBRO | (data import: 16 gennaio 2017) - By Epidotti, Vaglietti. |